[Event "NIC Classic Prelim 2021"]
[Site "chess24.com INT"]
[Date "2021.04.24"]
[Round "5.2"]
[White "Christiansen, Johan-Sebastian"]
[Black "Tari, Aryan"]
[Result "0-1"]
[WhiteTitle "GM"]
[BlackTitle "GM"]
[WhiteElo "2618"]
[BlackElo "2639"]
[WhiteFideId "1512668"]
[BlackFideId "1510045"]
[EventDate "2021.04.24"]

1. e4 e5 2. Nc3 Nf6 3. Bc4 Bc5 4. d3 c6 5. f4 d5 6. exd5 O-O 7. fxe5 Ng4 8. d4
Nxe5 9. dxc5 Qh4+ 10. Kf1 Qxc4+ 11. Qe2 cxd5 12. Qxc4 dxc4 13. Bf4 Nbc6 14. Nge2
Bf5 15. Rc1 Rad8 16. h3 h6 17. Kf2 a6 18. Rhd1 Rxd1 19. Nxd1 Rd8 20. Ne3 Bh7 21.
g4 f6 22. a3 Kf7 23. Ng2 g5 24. Bxe5 Nxe5 25. Ne3 Rc8 26. Rd1 Rxc5 27. Rd8 Rb5
28. Rc8 Bg6 29. Rc7+ Ke8 30. Nd4 Rxb2 31. Nd5 Bf7 32. Re7+ Kd8 33. Ne6+ Bxe6 34.
Rxe6 Rxc2+ 35. Ke3 Rc1 36. Kd2 Rh1 37. Nxf6 Nc6 38. Kc3 Rxh3+ 39. Kxc4 Rxa3 40.
Nd5 Kd7 41. Rxh6 Ra1 42. Nb6+ Kc7 43. Nd5+ Kb8 44. Rh5 Ne5+ 45. Kc5 Rc1+ 46. Kd6
Nxg4 47. Rxg5 Rc6+ 48. Ke7 Nf2 49. Kd7 Ne4 50. Rf5 Ka7 51. Ne7 Nf6+ 52. Kd8 Rd6+
53. Kc8 b5 54. Rf3 Nd5 55. Nf5 Rf6 56. Kd7 Kb6 57. Rf1 a5 58. Rf3 a4 59. Rf2 Ne3 0-1

[Event "NIC Classic Prelim 2021"]
[Site "chess24.com INT"]
[Date "2021.04.24"]
[Round "5.3"]
[White "Carlsen, Magnus"]
[Black "Radjabov, Teimour"]
[Result "1/2-1/2"]
[WhiteTitle "GM"]
[BlackTitle "GM"]
[WhiteElo "2847"]
[BlackElo "2765"]
[WhiteFideId "1503014"]
[BlackFideId "13400924"]
[EventDate "2021.04.24"]

1. e4 e5 2. Nf3 Nc6 3. Bb5 Nf6 4. d3 Bc5 5. c3 O-O 6. O-O d6 7. h3 Ne7 8. d4 Bb6
9. Re1 Ng6 10. a4 a6 11. Bf1 Re8 12. Nbd2 Ba7 13. b4 c6 14. Qc2 Be6 15. Bb2 a5
16. b5 Qc7 17. bxc6 bxc6 18. Rad1 Rab8 19. Ba3 d5 20. exd5 Bxd5 21. c4 Bxf3 22.
Nxf3 exd4 23. c5 Rxe1 24. Rxe1 Rd8 25. Bb2 Qf4 26. Bc1 d3 27. Bxd3 Qb4 28. Bxg6
hxg6 29. Be3 Qe4 30. Qxe4 Nxe4 31. Ne5 Bxc5 32. Nxc6 Rd3 33. Bxc5 Nxc5 34. Re5
Nxa4 35. Rxa5 Nb6 36. Ra6 Rd1+ 37. Kh2 Nc4 38. Ra4 Rc1 39. Ra8+ Kh7 40. Nd8 Nd2
41. g4 Rc7 42. Kg2 Ne4 43. Ra4 Nd6 44. Rd4 Nb7 45. Nxb7 Rxb7 1/2-1/2

[Event "NIC Classic Prelim 2021"]
[Site "chess24.com INT"]
[Date "2021.04.24"]
[Round "5.7"]
[White "Praggnanandhaa, R"]
[Black "Karjakin, Sergey"]
[Result "1-0"]
[WhiteTitle "GM"]
[BlackTitle "GM"]
[WhiteElo "2608"]
[BlackElo "2757"]
[WhiteFideId "25059530"]
[BlackFideId "14109603"]
[EventDate "2021.04.24"]

1. d4 Nf6 2. c4 e6 3. Nf3 b6 4. g3 Ba6 5. b3 Bb4+ 6. Bd2 Be7 7. Nc3 d5 8. cxd5
exd5 9. Bg2 O-O 10. O-O Bb7 11. Ne5 Nbd7 12. Bf4 Re8 13. Rc1 Nf8 14. Nb5 Ne6 15.
Nc6 Qd7 16. Nxe7+ Rxe7 17. Nc3 Nxf4 18. gxf4 a5 19. e3 Ba6 20. Re1 Rd8 21. Rc2
g6 22. Qd2 h5 23. Rec1 h4 24. h3 Qf5 25. Na4 Rdd7 26. Qd1 Kg7 27. Nb2 Kh6 28.
Rc6 Bb5 29. R6c2 Ba6 30. Kh2 Kg7 31. Bf1 Bxf1 32. Qxf1 Ne4 33. Rc6 Kf8 34. Nd3
f6 35. R1c2 Ke8 36. Qg2 Nd6 37. Ne5 fxe5 38. dxe5 Ne4 39. Rxg6 Kd8 40. Rg8+ Re8
41. Rxe8+ Kxe8 42. Qg8+ Qf8 43. Qe6+ Kd8 44. Qc6 Nc5 45. Rc1 d4 46. Rg1 d3 47.
Rg8 Qxg8 48. Qa8+ Ke7 49. Qxg8 Rd8 50. Qg7+ Ke6 51. f5+ Kd5 52. e6 1-0

[Event "NIC Classic Prelim 2021"]
[Site "chess24.com INT"]
[Date "2021.04.24"]
[Round "5.8"]
[White "So, Wesley"]
[Black "Mamedyarov, Shakhriyar"]
[Result "1-0"]
[WhiteTitle "GM"]
[BlackTitle "GM"]
[WhiteElo "2770"]
[BlackElo "2770"]
[WhiteFideId "5202213"]
[BlackFideId "13401319"]
[EventDate "2021.04.24"]

1. c4 e5 2. g3 g6 3. Nc3 Bg7 4. Bg2 Nf6 5. e4 O-O 6. Nge2 c5 7. O-O Nc6 8. d3 d6
9. a3 a6 10. Rb1 Rb8 11. b4 cxb4 12. axb4 b5 13. cxb5 axb5 14. h3 Be6 15. f4
exf4 16. gxf4 Ne7 17. Be3 d5 18. Bc5 Re8 19. Qe1 dxe4 20. dxe4 Bc4 21. Qf2 Nd7
22. Rfd1 Qc8 23. Bd6 Ra8 24. Nd4 Bxd4 25. Rxd4 Ra3 26. Rc1 Qa6 27. Kh2 Ra1 28.
Rxa1 Qxa1 29. Qg3 Qb2 30. Rd1 Nc8 31. Bc7 Nf6 32. Qg5 Qxc3 33. Be5 Rxe5 34. Qxf6
Rd5 35. Qxc3 Rxd1 36. Qe5 Nd6 37. f5 Rd2 38. Kg3 Rd3+ 39. Kh4 h6 40. Kg4 Kh7 41.
Bf3 Kg8 42. h4 gxf5+ 43. exf5 Nxf5 44. Qb8+ Kg7 45. Qe5+ Kg8 46. Be4 Ne3+ 47.
Kf3 Rb3 48. Kf4 Nd1 49. Bc2 Rxb4 50. Qd6 Bb3+ 51. Qxb4 Bxc2 52. Qxb5 Nf2 53. Qe2
Nd3+ 54. Kg3 Bb1 55. Qd1 1-0

[Event "NIC Classic Prelim 2021"]
[Site "chess24.com INT"]
[Date "2021.04.25"]
[Round "6.1"]
[White "Jones, Gawain C B"]
[Black "Mamedyarov, Shakhriyar"]
[Result "1/2-1/2"]
[WhiteTitle "GM"]
[BlackTitle "GM"]
[WhiteElo "2670"]
[BlackElo "2770"]
[WhiteFideId "409561"]
[BlackFideId "13401319"]
[EventDate "2021.04.24"]

1. e4 e5 2. Nf3 Nc6 3. Bc4 Bc5 4. c3 Nf6 5. d4 exd4 6. e5 d5 7. Bb5 Ne4 8. cxd4
Bb6 9. Nc3 O-O 10. Be3 Bg4 11. h3 Bh5 12. Qa4 Ne7 13. Bd3 Bxf3 14. gxf3 Nxc3 15.
bxc3 f5 16. f4 Rc8 17. Ke2 c5 18. h4 cxd4 19. cxd4 Nc6 20. Rab1 Qe8 21. Kf1 Kh8
22. h5 h6 23. Be2 Nxd4 24. Qxe8 Rfxe8 25. Rxb6 Nxe2 26. Rb2 Nc3 27. Rxb7 d4 28.
Bxd4 Nd5 29. e6 Rc1+ 30. Kg2 Nxf4+ 31. Kh2 Rxh1+ 32. Kxh1 Nxh5 33. e7 a6 34. Rb6
Kg8 35. Bc5 Nf6 36. Rxa6 Ne4 37. Bb4 Nxf2+ 38. Kg2 Nd3 39. Bd6 Kf7 40. Kf3 g5
41. a4 Nb2 42. Bc5 Nd3 43. Bd6 Nb2 44. Bc5 Nd3 45. Bd6 1/2-1/2

[Event "NIC Classic Prelim 2021"]
[Site "chess24.com INT"]
[Date "2021.04.25"]
[Round "6.2"]
[White "Karjakin, Sergey"]
[Black "So, Wesley"]
[Result "0-1"]
[WhiteTitle "GM"]
[BlackTitle "GM"]
[WhiteElo "2757"]
[BlackElo "2770"]
[WhiteFideId "14109603"]
[BlackFideId "5202213"]
[EventDate "2021.04.24"]

1. d4 Nf6 2. Bf4 c5 3. d5 g6 4. Nc3 d6 5. e4 Bg7 6. a4 O-O 7. Be2 Qb6 8. Ra3
Nxe4 9. Nxe4 Qb4+ 10. Qd2 Qxe4 11. Nf3 Bf5 12. Nh4 Qxc2 13. Nxf5 Qxf5 14. O-O
Na6 15. Bg5 Bf6 16. Bh6 Rfe8 17. Rf3 Qe5 18. Bb5 Nb4 19. Bxe8 Rxe8 20. b3 Qxd5
21. Qe2 Rc8 22. Rxf6 exf6 23. Qe7 Nc6 24. Qxb7 Qe6 25. h3 d5 26. Bd2 Rb8 27. Qc7
Rc8 28. Qb7 Kg7 29. Re1 Ne5 30. Qxa7 Qd6 31. Rc1 d4 32. a5 Nd3 33. Rd1 Rb8 34.
a6 Rxb3 35. Ra1 c4 36. Bh6+ Kxh6 37. Qxf7 Ne5 38. Qa7 c3 39. f4 c2 40. fxe5 Qxe5 0-1

[Event "NIC Classic Prelim 2021"]
[Site "chess24.com INT"]
[Date "2021.04.25"]
[Round "6.3"]
[White "Le, Quang Liem"]
[Black "Praggnanandhaa, R"]
[Result "1-0"]
[WhiteTitle "GM"]
[BlackTitle "GM"]
[WhiteElo "2709"]
[BlackElo "2608"]
[WhiteFideId "12401137"]
[BlackFideId "25059530"]
[EventDate "2021.04.24"]

1. d4 Nf6 2. Nf3 d5 3. c4 e6 4. Nc3 dxc4 5. e3 a6 6. a4 c5 7. Bxc4 Nc6 8. O-O
Be7 9. Qc2 cxd4 10. Rd1 d3 11. Bxd3 Nb4 12. Qe2 Nxd3 13. Rxd3 Qc7 14. e4 Nd7 15.
Bg5 Bxg5 16. Nxg5 Qf4 17. Rg3 Ne5 18. Nh3 Qh6 19. f4 Ng6 20. Rf1 Bd7 21. Rg5 Ne7
22. Nf2 e5 23. Rxe5 f6 24. Rc5 Qxf4 25. e5 O-O 26. Nfe4 Qh6 27. exf6 gxf6 28.
Rc7 f5 29. Rxd7 Qb6+ 30. Qf2 1-0

[Event "NIC Classic Prelim 2021"]
[Site "chess24.com INT"]
[Date "2021.04.25"]
[Round "6.7"]
[White "Tari, Aryan"]
[Black "Carlsen, Magnus"]
[Result "0-1"]
[WhiteTitle "GM"]
[BlackTitle "GM"]
[WhiteElo "2639"]
[BlackElo "2847"]
[WhiteFideId "1510045"]
[BlackFideId "1503014"]
[EventDate "2021.04.24"]

1. e4 g6 2. d4 d6 3. Nc3 c6 4. f4 d5 5. e5 h5 6. Nf3 Bg4 7. Be3 Nh6 8. h3 Nf5 9.
Bf2 Bxf3 10. Qxf3 h4 11. Bd3 e6 12. O-O Be7 13. Ne2 a5 14. a4 Na6 15. c3 Kf8 16.
b3 Rc8 17. Kh2 Nc7 18. Rfb1 Kg7 19. b4 Ra8 20. Be1 Qd7 21. bxa5 Rhb8 22. Nc1
Rxa5 23. Nb3 Ra7 24. Nc5 Qd8 25. a5 Nb5 26. Qe2 Rxa5 27. Rxa5 Qxa5 28. Bxb5 cxb5
29. Rxb5 Qa7 30. Bf2 b6 31. Qb2 Bd8 32. Rb4 Rc8 33. Nd3 Qa6 34. Ne1 Qf1 35. Qd2
Ra8 36. Rb1 Ra3 37. Nc2 Qxb1 38. Nxa3 Qe4 39. Nb5 Be7 40. Na7 g5 41. Nc6 Kg6 42.
Nxe7+ Nxe7 43. fxg5 Nf5 44. Qd1 b5 45. Qg4 Qc2 46. Qf3 Qd2 47. Kg1 Qxg5 48. Qg4
Qxg4 49. hxg4 Ng3 50. Kh2 Ne2 51. Be1 Kg5 52. Kh3 Nf4+ 53. Kh2 Kxg4 54. Bd2 Ne2
55. Be1 b4 56. cxb4 Nxd4 57. Bf2 Nb5 58. Be1 d4 59. Bd2 Kf5 60. Kh3 Kxe5 61.
Kxh4 Kd5 62. Kg5 e5 63. Kf6 e4 64. Kxf7 e3 65. Bc1 Ke4 66. g4 d3 0-1

[Event "NIC Classic Prelim 2021"]
[Site "chess24.com INT"]
[Date "2021.04.25"]
[Round "6.8"]
[White "Aronian, Levon"]
[Black "Christiansen, Johan-Sebastian"]
[Result "1/2-1/2"]
[WhiteTitle "GM"]
[BlackTitle "GM"]
[WhiteElo "2781"]
[BlackElo "2618"]
[WhiteFideId "13300474"]
[BlackFideId "1512668"]
[EventDate "2021.04.24"]

1. d4 Nf6 2. Nf3 c5 3. d5 b5 4. c4 Bb7 5. Nbd2 bxc4 6. e4 e6 7. Bxc4 exd5 8.
exd5 Bxd5 9. Bxd5 Nxd5 10. O-O Nc7 11. Nc4 d5 12. Nce5 Be7 13. Qa4+ Kf8 14. Re1
f6 15. Nd3 Qd7 16. Qc2 Nba6 17. b3 Rc8 18. Bf4 Nb5 19. a4 Nd4 20. Nxd4 cxd4 21.
Qe2 Kf7 22. Qh5+ g6 23. Qf3 Rhe8 24. Be5 Qf5 25. Qxf5 gxf5 26. Bxd4 Rb8 27. Rab1
Rb7 28. Nf4 Rd8 29. g3 Nb4 30. Rbc1 Bd6 31. Re6 Be7 32. Kg2 a5 33. Rd1 Rd6 34.
Re2 Rc6 35. Bb2 Rd7 36. Red2 Rc5 37. Kf1 Bf8 38. Nd3 Nxd3 39. Rxd3 Rc2 40. Bd4
Bc5 41. Rf3 Kg6 42. h4 h5 43. Bxc5 Rxc5 44. Rd4 Re7 45. Rfd3 Re5 46. Re3 Kf7 47.
Ke2 Ke6 48. Kd2 Re4 49. Rdd3 Kd6 50. Rf3 Ke6 51. Rc3 Rxc3 52. Rxc3 Rb4 53. Re3+
Kd6 54. Kc2 f4 55. Rf3 Ke5 56. Rxf4 d4 57. Rf3 Rb8 58. Kd2 Rb6 59. Rd3 f5 60.
Rf3 Ke4 61. Rd3 Rc6 62. f3+ Ke5 63. Ke2 Kd5 64. Ke1 Rc2 65. Kf1 Kc5 66. Ke1 Rg2
67. Rd2 Rxg3 68. Kf2 Rh3 69. Rc2+ Kd5 70. Rc8 f4 71. Rb8 Rh2+ 72. Kf1 Rb2 73.
Rb5+ Ke6 74. Ke1 Kd6 75. Rb6+ Ke5 76. Rb5+ Kd6 77. Rb6+ Ke5 78. Rb5+ Kd6 1/2-1/2

[Event "NIC Classic Prelim 2021"]
[Site "chess24.com INT"]
[Date "2021.04.25"]
[Round "7.1"]
[White "Christiansen, Johan-Sebastian"]
[Black "Jones, Gawain C B"]
[Result "1/2-1/2"]
[WhiteTitle "GM"]
[BlackTitle "GM"]
[WhiteElo "2618"]
[BlackElo "2670"]
[WhiteFideId "1512668"]
[BlackFideId "409561"]
[EventDate "2021.04.24"]

1. e4 c5 2. Nf3 d6 3. d4 cxd4 4. Nxd4 Nf6 5. Nc3 g6 6. Be3 Bg7 7. f3 O-O 8. Qd2
Nc6 9. O-O-O d5 10. exd5 Nxd5 11. Nxc6 bxc6 12. Bd4 Bxd4 13. Qxd4 Qb6 14. Qe5
Nxc3 15. Qxc3 Ba6 16. Bxa6 Qxa6 17. Kb1 Rfd8 18. Rd2 Rd5 19. Rxd5 cxd5 20. Qe5
Qb7 21. h4 Rc8 22. h5 Qc7 23. Qe2 g5 24. h6 e6 25. Rh5 Qf4 26. Qa6 Rb8 27. b3
Qd2 28. Qc6 Qd1+ 29. Kb2 Qd4+ 30. Kb1 Qg1+ 31. Kb2 Qd4+ 32. Kb1 Qg1+ 33. Kb2
Qd4+ 1/2-1/2

[Event "NIC Classic Prelim 2021"]
[Site "chess24.com INT"]
[Date "2021.04.25"]
[Round "7.2"]
[White "Carlsen, Magnus"]
[Black "Aronian, Levon"]
[Result "1/2-1/2"]
[WhiteTitle "GM"]
[BlackTitle "GM"]
[WhiteElo "2847"]
[BlackElo "2781"]
[WhiteFideId "1503014"]
[BlackFideId "13300474"]
[EventDate "2021.04.24"]

1. e4 e5 2. Nf3 Nc6 3. Bb5 a6 4. Ba4 Nf6 5. O-O b5 6. Bb3 Bc5 7. d3 d6 8. c3 h6
9. Nbd2 O-O 10. Re1 Bb6 11. Nf1 Ne7 12. a4 Rb8 13. h3 Ng6 14. Ng3 c5 15. axb5
axb5 16. d4 Re8 17. Be3 exd4 18. cxd4 Bb7 19. Bc2 Nxe4 20. dxc5 dxc5 21. Qxd8
Rbxd8 22. Nxe4 Bxe4 23. Bxc5 Bxc5 24. Rxe4 Rxe4 25. Bxe4 Nf4 26. Kf1 Re8 27. Re1
Kf8 28. Bc6 Rxe1+ 29. Nxe1 Bd4 30. b3 b4 31. g3 Ne6 32. Bd5 Nc5 33. Nf3 Bc3 34.
Ke2 g6 35. Ke3 Nd7 36. Nd4 h5 37. Nb5 Bb2 38. Nd6 f5 39. h4 Ke7 40. Nc4 Bc3 41.
Ke2 Ne5 42. Ne3 Ng4 43. Ng2 Bd4 44. f3 Ne5 45. Nf4 Bc5 46. Bg8 Bd6 47. Ke3 Bc5+
48. Ke2 Bd6 49. Ke3 Bc5+ 50. Ke2 1/2-1/2

[Event "NIC Classic Prelim 2021"]
[Site "chess24.com INT"]
[Date "2021.04.25"]
[Round "7.6"]
[White "Praggnanandhaa, R"]
[Black "Dominguez Perez, Leinier"]
[Result "0-1"]
[WhiteTitle "GM"]
[BlackTitle "GM"]
[WhiteElo "2608"]
[BlackElo "2758"]
[WhiteFideId "25059530"]
[BlackFideId "3503240"]
[EventDate "2021.04.24"]

1. d4 d5 2. c4 dxc4 3. e3 Nf6 4. Bxc4 e6 5. Nf3 c5 6. O-O Nc6 7. a3 a6 8. dxc5
Qxd1 9. Rxd1 Bxc5 10. b4 Be7 11. Bb2 O-O 12. Be2 Bd7 13. Nbd2 Rfd8 14. Nb3 Be8
15. Nfd2 Rac8 16. Bf3 Nd5 17. Rac1 Nb6 18. Nc5 Bxc5 19. bxc5 Na4 20. Ba1 Na5 21.
Bd4 Bc6 22. Be2 Bd5 23. f4 Rd7 24. Kf2 Rdc7 25. e4 Bb3 26. Nxb3 Nxb3 27. Rc4
Nbxc5 28. Ke3 b5 29. Rc2 f6 30. Rdc1 Kf7 31. g4 h6 32. h4 Ke7 33. h5 Kd8 34. g5
Nd7 35. Rxc7 Rxc7 36. gxh6 gxh6 37. Rg1 e5 38. fxe5 fxe5 39. Ba1 Rc2 40. Bg4
Nab6 41. Be6 Ke7 42. Rg6 Rc1 43. Bb2 Rc2 44. Ba1 Nf8 45. Bb3 Nc4+ 46. Kf3 Nd2+
47. Kg4 Nxb3 48. Rxh6 Nxa1 49. Kf5 a5 50. Rb6 Rf2+ 51. Kg5 Ne6+ 52. Kg4 Rf4+ 53.
Kg3 Nc5 0-1

[Event "NIC Classic Prelim 2021"]
[Site "chess24.com INT"]
[Date "2021.04.25"]
[Round "7.7"]
[White "So, Wesley"]
[Black "Le, Quang Liem"]
[Result "1/2-1/2"]
[WhiteTitle "GM"]
[BlackTitle "GM"]
[WhiteElo "2770"]
[BlackElo "2709"]
[WhiteFideId "5202213"]
[BlackFideId "12401137"]
[EventDate "2021.04.24"]

1. e4 e5 2. Nf3 Nc6 3. Bb5 a6 4. Ba4 Nf6 5. O-O Be7 6. Re1 b5 7. Bb3 d6 8. c3
O-O 9. h3 Bb7 10. d4 Re8 11. Ng5 Rf8 12. Nf3 Re8 13. Nbd2 Bf8 14. a4 exd4 15.
cxd4 h6 16. Bc2 Nb4 17. Bb1 c5 18. d5 Nd7 19. Ra3 c4 20. Nd4 Qf6 21. N2f3 Nc5
22. axb5 axb5 23. b3 Nbd3 24. Bxd3 Nxd3 25. Re3 Qg6 26. Nh4 Qf6 27. Nhf3 Qg6 28.
Nh4 Qf6 29. Nhf3 1/2-1/2

[Event "NIC Classic Prelim 2021"]
[Site "chess24.com INT"]
[Date "2021.04.25"]
[Round "7.8"]
[White "Mamedyarov, Shakhriyar"]
[Black "Karjakin, Sergey"]
[Result "1-0"]
[WhiteTitle "GM"]
[BlackTitle "GM"]
[WhiteElo "2770"]
[BlackElo "2757"]
[WhiteFideId "13401319"]
[BlackFideId "14109603"]
[EventDate "2021.04.24"]

1. e4 e5 2. Nf3 Nc6 3. Bb5 Nf6 4. O-O Nxe4 5. d4 Nd6 6. Ba4 e4 7. Ne5 Be7 8. Nc3
O-O 9. Re1 f6 10. Bb3+ Kh8 11. Nxc6 dxc6 12. Nxe4 Nxe4 13. Rxe4 f5 14. Re1 f4
15. Qh5 Bd6 16. Bd2 Bf5 17. c4 Qd7 18. Bc3 Rae8 19. h3 Bg6 20. Qg4 Qxg4 21. hxg4
c5 22. d5 Rxe1+ 23. Rxe1 Re8 24. Rxe8+ Bxe8 25. Bc2 Kg8 26. Kf1 g5 27. Ke2 b6
28. Kf3 h6 29. Bf5 Kf8 30. Ke4 a5 31. Bh7 Bd7 32. f3 Ba4 33. b3 Bd7 34. a4 Kf7
35. Bf5 Be8 36. Be6+ Kg6 37. Be5 h5 38. gxh5+ Kxh5 39. Kf5 Bg6+ 40. Kf6 Bxe5+
41. Kxe5 Bc2 42. Bd7 Kh4 43. Ke6 Kg3 44. Bc6 Kxg2 45. Kd7 g4 46. fxg4 f3 47.
Kxc7 f2 48. d6+ Kg3 49. d7 f1=Q 50. d8=Q Bxb3 51. Bb5 Qf7+ 52. Kxb6 Bxc4 53.
Qd6+ Kxg4 54. Qd1+ Kg3 55. Qe1+ Kf4 56. Qc1+ Ke5 57. Qe3+ Kf5 58. Qf2+ Kg6 59.
Qg1+ Kh7 60. Qh2+ Kg8 61. Qg3+ Kf8 62. Qd6+ Kg8 63. Qd8+ Kg7 64. Qg5+ Kh7 65.
Qh4+ Kg7 66. Bxc4 Qd7 67. Qg3+ Kh6 68. Qf4+ Kg6 69. Kxc5 1-0

[Event "NIC Classic Prelim 2021"]
[Site "chess24.com INT"]
[Date "2021.04.25"]
[Round "8.1"]
[White "Jones, Gawain C B"]
[Black "Karjakin, Sergey"]
[Result "0-1"]
[WhiteTitle "GM"]
[BlackTitle "GM"]
[WhiteElo "2670"]
[BlackElo "2757"]
[WhiteFideId "409561"]
[BlackFideId "14109603"]
[EventDate "2021.04.24"]

1. e4 c6 2. d4 d5 3. e5 Bf5 4. h4 h5 5. c4 e6 6. Nc3 dxc4 7. Bxc4 Nd7 8. Nf3 Nb6
9. Bd3 Bg4 10. Bg5 Qd7 11. Ne4 Bb4+ 12. Kf1 Nh6 13. Bf6 Kf8 14. Qb3 Nd5 15. Bc4
a5 16. a3 b5 17. Be2 gxf6 18. axb4 a4 19. exf6 Nf5 20. Qd3 Nf4 21. Qd2 Nxe2 22.
Qxe2 Rd8 23. Rd1 e5 24. Qc2 Qd5 25. Rd2 Nxd4 26. Nxd4 exd4 27. f3 Bf5 28. Kf2
Rh6 29. Qc5+ Kg8 30. Qe7 d3 31. Re1 Qd4+ 32. Kf1 Rg6 33. Ng5 Qxf6 34. Qc5 Be6
35. Nxe6 fxe6 36. Qxh5 Rd5 0-1

[Event "NIC Classic Prelim 2021"]
[Site "chess24.com INT"]
[Date "2021.04.25"]
[Round "8.2"]
[White "Le, Quang Liem"]
[Black "Mamedyarov, Shakhriyar"]
[Result "1-0"]
[WhiteTitle "GM"]
[BlackTitle "GM"]
[WhiteElo "2709"]
[BlackElo "2770"]
[WhiteFideId "12401137"]
[BlackFideId "13401319"]
[EventDate "2021.04.24"]

1. d4 Nf6 2. Nf3 d5 3. c3 Bf5 4. Qb3 b6 5. c4 e6 6. Bg5 Be7 7. Nc3 dxc4 8. Qxc4
O-O 9. Rd1 Ne4 10. Bxe7 Qxe7 11. g3 Nxc3 12. Qxc3 Be4 13. Bg2 Nd7 14. O-O c5 15.
dxc5 Nxc5 16. Qe3 Rac8 17. Rd4 Bb7 18. Rfd1 Rfd8 19. Ne5 Rxd4 20. Rxd4 Bxg2 21.
Kxg2 f6 22. Nd3 e5 23. Nxc5 Qxc5 24. Qb3+ Kf8 25. Rd5 Qe7 26. Qd1 Qe6 27. e4 Kg8
28. Rd7 a5 29. b3 Qe8 30. h4 h5 31. Rd6 b5 32. Qd5+ Kh7 33. Rb6 Rb8 34. Re6 Qf8
35. Qd1 Qf7 36. Ra6 a4 37. bxa4 bxa4 38. Rxa4 Rb2 39. a3 Kg6 40. Rb4 Ra2 41. a4
Qc7 42. Qf3 Qd7 43. Rc4 Kh6 44. Qf5 Qxf5 45. exf5 Ra3 46. Rc8 Kh7 47. Ra8 e4 48.
a5 e3 49. fxe3 Rxe3 50. a6 Re5 51. a7 Ra5 52. g4 hxg4 53. Kg3 Ra3+ 54. Kxg4 Ra4+
55. Kf3 Ra1 56. Ke4 Ra5 57. Kd4 Ra1 58. Kd5 Ra6 59. h5 Ra1 60. Ke6 Ra2 61. Ke7
Ra4 62. h6 1-0

[Event "NIC Classic Prelim 2021"]
[Site "chess24.com INT"]
[Date "2021.04.25"]
[Round "8.3"]
[White "Dominguez Perez, Leinier"]
[Black "So, Wesley"]
[Result "1/2-1/2"]
[WhiteTitle "GM"]
[BlackTitle "GM"]
[WhiteElo "2758"]
[BlackElo "2770"]
[WhiteFideId "3503240"]
[BlackFideId "5202213"]
[EventDate "2021.04.24"]

1. e4 e5 2. Nf3 Nc6 3. Bb5 Nf6 4. O-O Nxe4 5. Re1 Nd6 6. Nxe5 Be7 7. Bf1 Nf5 8.
c3 Nxe5 9. Rxe5 d6 10. Re1 O-O 11. d4 d5 12. Bd3 c6 13. Nd2 Nd6 14. Nf3 Bf5 15.
Bf4 Bxd3 16. Qxd3 Ne4 17. Nd2 Bd6 18. Bxd6 Nxd6 19. Re2 Re8 20. Rae1 Qd7 21. Qg3
Rxe2 22. Rxe2 f6 23. f3 Kf7 24. Nb3 Re8 25. Nc5 Qd8 26. Qe1 Rxe2 27. Qxe2 Qe7
28. Qxe7+ Kxe7 29. Kf2 h5 30. h4 g5 31. g4 hxg4 32. hxg5 gxf3 33. gxf6+ Kxf6 34.
Kxf3 Ke7 35. Kf4 Kf6 36. Nd7+ Ke6 37. Nc5+ Kf6 38. Nd7+ Ke6 39. Nc5+ Kf6 1/2-1/2

[Event "NIC Classic Prelim 2021"]
[Site "chess24.com INT"]
[Date "2021.04.25"]
[Round "8.4"]
[White "Vidit, Santosh Gujrathi"]
[Black "Praggnanandhaa, R"]
[Result "1/2-1/2"]
[WhiteTitle "GM"]
[BlackTitle "GM"]
[WhiteElo "2726"]
[BlackElo "2608"]
[WhiteFideId "5029465"]
[BlackFideId "25059530"]
[EventDate "2021.04.24"]

1. Nf3 d5 2. d4 Nf6 3. c4 e6 4. g3 dxc4 5. Bg2 c5 6. O-O Nc6 7. dxc5 Qxd1 8.
Rxd1 Bxc5 9. Nbd2 c3 10. bxc3 O-O 11. Nb3 Be7 12. Nfd4 Bd7 13. a4 Rac8 14. Nb5
Rfd8 15. Be3 a6 16. Nd6 Bxd6 17. Rxd6 Be8 18. Rxd8 Nxd8 19. Bb6 Bc6 20. Bxd8
Bxg2 21. Kxg2 Rxd8 22. Nc5 Rc8 23. Nxb7 Kf8 24. Rb1 Nd5 25. Nd6 Rc6 26. Rb8+ Ke7
27. Ne4 Rc4 28. Rb7+ Nc7 29. Rb4 Rxb4 30. cxb4 Nd5 31. b5 axb5 32. axb5 f5 33.
Nc5 Kd6 34. Na4 g5 35. b6 Nb4 36. Kf3 Kc6 37. e4 Kb5 38. b7 Na6 39. exf5 exf5
40. Nb2 Kc6 41. Nc4 Kxb7 42. Nd6+ Kc6 43. Nxf5 Nc5 44. Kg4 Nd3 45. Kxg5 Nxf2 46.
Ne3 Kd6 47. Ng4 Nh3+ 48. Kh6 Ke6 49. Kxh7 Kf5 50. Ne3+ Ke4 51. Nc4 Kf3 52. Ne5+
Kg2 53. Ng4 Kf3 54. Nf6 Kg2 55. g4 Kxh2 56. Nh5 Ng5+ 57. Kg6 Ne4 58. Kf5 Kh3 59.
Nf4+ Kg3 60. Ne2+ Kf3 61. Nd4+ Kg3 62. Nb5 Kh4 63. Kf4 Nf2 64. g5 Nh3+ 65. Kf5
Nxg5 66. Nd4 1/2-1/2

[Event "NIC Classic Prelim 2021"]
[Site "chess24.com INT"]
[Date "2021.04.25"]
[Round "8.8"]
[White "Christiansen, Johan-Sebastian"]
[Black "Carlsen, Magnus"]
[Result "1/2-1/2"]
[WhiteTitle "GM"]
[BlackTitle "GM"]
[WhiteElo "2618"]
[BlackElo "2847"]
[WhiteFideId "1512668"]
[BlackFideId "1503014"]
[EventDate "2021.04.24"]

1. e4 d6 2. d4 g6 3. Nc3 c6 4. f4 d5 5. e5 h5 6. Nf3 Bg4 7. Be2 e6 8. Be3 Nh6 9.
Qd2 Nf5 10. Bf2 Nd7 11. a3 c5 12. dxc5 Bxf3 13. Bxf3 Bxc5 14. O-O Qb6 15. Na4
Bxf2+ 16. Rxf2 Qc6 17. b3 Nc5 18. Nxc5 Qxc5 19. Qb4 Rc8 20. c4 dxc4 21. Bxb7 Rc7
22. Qxc5 Rxc5 23. Be4 Nd4 24. bxc4 Rxc4 25. Rb2 O-O 26. Kf2 Rfc8 27. g3 Nc2 28.
Bxc2 Rxc2+ 29. Rxc2 Rxc2+ 30. Kg1 a5 31. a4 h4 32. Rb1 h3 33. Rb5 Rg2+ 34. Kh1
Ra2 35. Kg1 Rxa4 36. Kf2 Ra3 37. Rb8+ Kg7 38. Ra8 a4 39. g4 g5 40. fxg5 Kg6 41.
Rg8+ Kh7 42. Ra8 Kg7 43. Ke2 Ra2+ 44. Kf3 Rxh2 45. Kg3 Ra2 46. Kxh3 a3 47. Kg3
Ra1 48. Kf2 a2 49. Kg2 Kg6 50. Rg8+ Kh7 51. Ra8 Kg7 52. Kh2 Re1 53. Rxa2 Rxe5
54. Kg3 Rxg5 55. Kf4 Rb5 56. Ra4 Kf6 57. Ra8 e5+ 58. Kf3 Rb3+ 59. Ke4 Rb4+ 60.
Kf3 Kg7 61. Re8 f6 62. Ra8 Rb3+ 63. Kg2 Kf7 64. Kf2 Kg7 65. Kg2 Rc3 66. Kf2 Rh3
67. Kg2 Rh8 68. Ra7+ Kg6 69. Kg3 Rb8 70. Kh4 Rg8 71. Kg3 Rh8 72. Rb7 Ra8 73. Re7
Ra3+ 74. Kh4 Ra1 75. Kg3 Ra4 76. Kh4 Ra8 77. Kg3 Rg8 78. Rb7 Rg7 79. Rb8 Rd7 80.
Ra8 Kf7 81. Ra6 Ke7 82. g5 fxg5 83. Rg6 Rd3+ 84. Kf2 Kf7 85. Rxg5 Ke6 86. Ke2
Ra3 87. Rh5 Kd5 88. Rh4 Ra2+ 89. Ke3 Ra3+ 90. Ke2 Ra2+ 91. Ke3 Ra3+ 92. Ke2 1/2-1/2